00372nam a2200145Ia 4500003000400000008004100004040001600045082001500061100002000076245004900096260003800145300001000183650001200193650002100205GCL140319s9999 xx 000 0 eng d aGCL / cGCL04a939.4bW J1 aWILLIAMSON, G.A10aJOSEPHUS: THE JEWISH WAR / cWILLIAMSON, G.A a[S.N] : bPENGUIN BOOKS ، c1940 a511 P04aHISTORY04aJEWISH - HISTORY